000
00319nam a22001457a 4500
003
SGT
020
_a
978-81-208-2543-7
082
_a
615.53
_b
R14K
100
_a
KASI NATH SASTRINA
245
_a
RASATRANGINI
260
_a
VARANASI
_b
CHAUKHAMBHA PUB
_c
2014
300
_a
792
650
_a
AYURVEDA
942
_2
ddc
_c
BK
_0
46
999
_c
14440
_d
14440